Fiestas Interés Turístico Internacional de Galicia - Estadísticas

Estadísticas generales
  • Esta prueba ha sido intentada 500 veces
  • La puntuación promedio es 8 de 15
Estadísticas de respuestas
Fiesta Lugar % Correcto
Fiestas de Santiago Apostol Santiago de Compostela
96%
Arde Lucus Lugo
93%
Hogueras de San Juan A Coruña
88%
Semana Santa Ferrol
68%
Cocido Lalín
67%
Fiesta del vino albariño Cambados
66%
Romería Vikinga Catoira
59%
Entroido Xinzo de Limia
58%
Semana Santa Viveiro
44%
Festival Internacional del Mundo Celta Ortigueira
43%
Fiesta del pulpo O Carballiño
42%
La arribada de la carabela Pinta Baiona
41%
A rapa das bestas Sabucedo
33%
Corpus Christi Ponteareas
26%
Fiesta de la lamprea Arbo
21%
No se encontraron pruebas coincidentes
Distribución de puntuación
Porcentaje de gente con cada puntuación
Porcentaje por número respondido
Historial de tus puntuaciones
No has intentado esta prueba.